[Event "Lovsprings op 09th B"]
[Site "Ringsted"]
[Date "1997.05.02"]
[Round "6"]
[White "Jensen, Agner"]
[Black "Jorgensen, Lars"]
[Result "0-1"]
[WhiteElo "1732"]
[BlackElo "1816"]
[PlyCount "148"]
[EventDate "1997.03.14"]
[EventType "swiss"]
[EventRounds "7"]
[EventCountry "DEN"]
[SourceTitle "EXT 2023"]
[Source "ChessBase"]
[SourceDate "2022.10.05"]
[SourceVersion "1"]
[SourceVersionDate "2022.10.05"]
[SourceQuality "1"]

1. e4 c5 2. Nf3 e6 3. d4 cxd4 4. c3 dxc3 5. Nxc3 Nc6 6. Bc4 Nf6 7. Qe2 Qc7 8. h3 Be7 9. 0-0 0-0 10. Rd1 a6 11. e5 Ne8 12. a4 d6 13. exd6 Bxd6 14. Ne4 Bf4 15. Bd3 b6 16. b3 Nb4 17. Ba3 a5 18. Ned2 Nf6 19. Rac1 Qb8 20. Bb5 Bb7 21. Bb2 Nfd5 22. Rc4 Rc8 23. Rdc1 Rxc4 24. Rxc4 Qd8 25. Rd4 Nc2 26. Rd3 Rc8 27. Nc4 Ncb4 28. Rd4 Bc6 29. Bxc6 Rxc6 30. Nfe5 Rc8 31. Nd3 Nxd3 32. Rxd3 Qg5 33. Bd4 Bc7 34. Rd1 Rd8 35. Qf3 h5 36. Ne3 Nf4 37. Bc3 Rxd1+ 38. Nxd1 Nd5 39. Be1 Qe5 40. Kf1 g6 41. Nc3 Nf4 42. Nb5 Bb8 43. Bc3 Qd5 44. Qxd5 Nxd5 45. Bd2 Bf4 46. Bc3 Nxc3 47. Nxc3 Kf8 48. Ke2 Ke7 49. Kd3 Kd6 50. Kc4 Kc6 51. Ne2 Be5 52. f4 Bb2 53. h4 f6 54. Ng3 Bc1 55. Ne2 Be3 56. Kd3 Bf2 57. Kc4 e5 58. fxe5 fxe5 59. g3 Be1 60. Kd3 Kd5 61. Ke3 Bb4 62. Kd3 e4+ 63. Ke3 Bc5+ 64. Kd2 Bf2 65. Kc3 e3 66. Kd3 Kc5 67. Kc3 Be1+ 68. Kc2 Kb4 69. Kb2 Bd2 70. Kc2 Ka3 71. Nd4 Bb4 72. Kd3 Bc5 73. Kxe3 Bxd4+ 74. Kxd4 Kxb3 0-1

[Event "Lovsprings op 09th D"]
[Site "Ringsted"]
[Date "1997.04.18"]
[Round "5"]
[White "Jensen, Finn Anker"]
[Black "Jensen, Agner"]
[Result "1-0"]
[WhiteElo "1294"]
[BlackElo "1364"]
[PlyCount "43"]
[EventDate "1997.03.14"]
[EventType "swiss"]
[EventRounds "7"]
[EventCountry "DEN"]
[SourceTitle "EXT 2023"]
[Source "ChessBase"]
[SourceDate "2022.10.05"]
[SourceVersion "1"]
[SourceVersionDate "2022.10.05"]
[SourceQuality "1"]

1. d4 d5 2. c4 dxc4 3. e3 e6 4. Bxc4 Nf6 5. Nf3 a6 6. a4 c5 7. Nc3 cxd4 8. Nxd4 Bb4 9. Bd2 0-0 10. 0-0 Bd6 11. f4 Nbd7 12. e4 e5 13. Nf5 Nc5 14. fxe5 Bxe5 15. Bg5 Qc7 16. Bxf6 Bxf6 17. Nd5 Qe5 18. Nh6+ Kh8 19. Nxf6 gxh6 20. Qh5 Qd4+ 21. Rf2 Qxc4 22. Qxh6 1-0

[Event "Lovsprings op 09th D"]
[Site "Ringsted"]
[Date "1997.03.14"]
[Round "1"]
[White "Jensen, Agner"]
[Black "Sparre, Otto"]
[Result "0-1"]
[WhiteElo "1364"]
[BlackElo "1396"]
[PlyCount "72"]
[EventDate "1997.03.14"]
[EventType "swiss"]
[EventRounds "7"]
[EventCountry "DEN"]
[SourceTitle "EXT 2023"]
[Source "ChessBase"]
[SourceDate "2022.10.05"]
[SourceVersion "1"]
[SourceVersionDate "2022.10.05"]
[SourceQuality "1"]

1. e4 e5 2. Nf3 Nc6 3. Bb5 a6 4. Ba4 Nf6 5. d3 b5 6. Bb3 Be7 7. 0-0 0-0 8. a3 h6 9. Ba2 Kh8 10. b4 d6 11. Bb2 Be6 12. Nc3 Bxa2 13. Nxa2 Nd7 14. Nc3 Nb6 15. Rb1 f5 16. exf5 Rxf5 17. Ne4 Qd7 18. d4 Nc4 19. dxe5 Nxb2 20. Rxb2 Nxe5 21. Nfd2 Raf8 22. f3 Qc6 23. Kh1 d5 24. Ng3 R5f6 25. Qe2 Bd6 26. Ra2 Ng6 27. Qf2 Be5 28. Nb3 Rf4 29. Ne2 Rh4 30. h3 Qd6 31. Nbd4 Qb6 32. c3 Qf6 33. Rd2 Nf4 34. Nxf4 Qxf4 35. g3 Rxh3+ 36. Kg2 Rxg3+ 0-1

[Event "Lovfalds 08th C"]
[Site "Ringsted"]
[Date "1994.09.30"]
[Round "5"]
[White "Jensen, Agner"]
[Black "Madsen, Morten"]
[Result "0-1"]
[WhiteElo "1691"]
[BlackElo "1778"]
[PlyCount "142"]
[EventDate "1994.09.02"]
[EventType "tourn"]
[EventRounds "5"]
[EventCountry "DEN"]
[SourceTitle "EXT 2023"]
[Source "ChessBase"]
[SourceDate "2022.10.05"]
[SourceVersion "1"]
[SourceVersionDate "2022.10.05"]
[SourceQuality "1"]

1. d4 c5 2. e3 cxd4 3. exd4 g6 4. Nf3 Bg7 5. Bf4 Nf6 6. Bd3 0-0 7. 0-0 Nc6 8. c3 d5 9. h3 Bd7 10. Nbd2 Qc8 11. Qe2 Bf5 12. Rae1 Bxd3 13. Qxd3 Nh5 14. Bh2 Bh6 15. Ne5 Qd8 16. f4 Nxe5 17. dxe5 Ng7 18. Nf3 Qb6+ 19. Rf2 e6 20. g4 Ne8 21. Nd4 Nc7 22. Kg2 Na6 23. b4 Rac8 24. Rf3 Nc7 25. Bg1 Qa6 26. Qxa6 Nxa6 27. Nb5 Rc4 28. g5 Bg7 29. Bxa7 Ra8 30. Bf2 Bf8 31. a3 Nc7 32. Nxc7 Rxc7 33. Ra1 b5 34. Bd4 Rc4 35. Rd3 Rc6 36. Rd2 Ra4 37. Kf3 Be7 38. Ke2 Rc4 39. Kd3 Rc6 40. Rda2 Rc4 41. Kc2 Rc6 42. Kb3 Rc4 43. Rh1 Rc8 44. h4 Bf8 45. h5 Rc7 46. Bb6 Rc4 47. Rf2 Ra6 48. Bd4 Rc7 49. Ra2 Ra4 50. Rh4 Rc6 51. Rh3 Rc4 52. Rf2 Rc6 53. Be3 Ra8 54. Rfh2 Rc7 55. Bb6 Rb7 56. Ba5 Rc8 57. a4 bxa4+ 58. Kxa4 Rc4 59. Rf3 d4 60. Kb3 Rc5 61. Ra2 dxc3 62. Rxc3 gxh5 63. Rxc5 Bxc5 64. Rc2 Be3 65. Rc4 h4 66. Bd8 Kg7 67. Bf6+ Kg6 68. Re4 Bf2 69. Rc4 Kf5 70. Rc8 Be1 71. Be7 Rxe7 0-1

[Event "Lovfalds 08th C"]
[Site "Ringsted"]
[Date "1994.09.09"]
[Round "2"]
[White "Jensen, Agner"]
[Black "Kjaer, Thomas"]
[Result "1-0"]
[WhiteElo "1691"]
[BlackElo "1607"]
[PlyCount "59"]
[EventDate "1994.09.02"]
[EventType "tourn"]
[EventRounds "5"]
[EventCountry "DEN"]
[SourceTitle "EXT 2023"]
[Source "ChessBase"]
[SourceDate "2022.10.05"]
[SourceVersion "1"]
[SourceVersionDate "2022.10.05"]
[SourceQuality "1"]

1. e4 e5 2. Nf3 Nc6 3. Nc3 Nf6 4. Bb5 a6 5. Bxc6 dxc6 6. Nxe5 Bc5 7. 0-0 Qd6 8. Nf3 Ng4 9. h3 Ne5 10. d3 Qf6 11. Nxe5 Qxe5 12. Ne2 Bb6 13. Qd2 Be6 14. Qc3 Qd6 15. Bf4 Qd7 16. Qxg7 0-0-0 17. Kh2 Rhg8 18. Qe5 Rg6 19. Bg3 Rdg8 20. Nf4 Rg5 21. Qc3 Bd4 22. Qd2 Be5 23. Qe3 Qd6 24. Rg1 Rxg3 25. fxg3 Bd4 26. Qf3 Be5 27. c3 Bg4 28. hxg4 Qh6+ 29. Nh3 Qh4 30. Qf5+ 1-0

[Event "Lovfalds 08th C"]
[Site "Ringsted"]
[Date "1994.09.02"]
[Round "1"]
[White "Eckert, Svend"]
[Black "Jensen, Agner"]
[Result "0-1"]
[WhiteElo "1748"]
[BlackElo "1691"]
[PlyCount "120"]
[EventDate "1994.09.02"]
[EventType "tourn"]
[EventRounds "5"]
[EventCountry "DEN"]
[SourceTitle "EXT 2023"]
[Source "ChessBase"]
[SourceDate "2022.10.05"]
[SourceVersion "1"]
[SourceVersionDate "2022.10.05"]
[SourceQuality "1"]

1. e4 c6 2. f4 d5 3. e5 e6 4. d4 c5 5. Nf3 Nc6 6. c3 Bd7 7. Bd3 c4 8. Bc2 Be7 9. Ng5 g6 10. Qg4 Bxg5 11. fxg5 Nge7 12. Nd2 Nf5 13. Nf3 Qe7 14. Qh3 0-0-0 15. g4 Ng7 16. Qh6 Ne8 17. b3 Nc7 18. a4 cxb3 19. Ba3 Qe8 20. Bxb3 Na5 21. Nd2 Nxb3 22. Nxb3 Bxa4 23. Nc5 Bb5 24. Kd2 b6 25. Nd3 Kb7 26. Qh3 Qc6 27. Rhb1 Rc8 28. Qf3 Qc4 29. Bd6 Qxd3+ 30. Qxd3 Bxd3 31. Kxd3 h6 32. Rf1 hxg5 33. Rxf7 Rh3+ 34. Kc2 Rxh2+ 35. Kb3 a5 36. Rg7 Rg2 37. Rf1 Kc6 38. Bxc7 Rxc7 39. Rxg6 Rxg4 40. Rff6 Kb5 41. Rxe6 a4+ 42. Ka3 Rxc3+ 43. Kb2 Rb3+ 44. Ka2 Rg2+ 45. Ka1 Kc4 46. Rxb6 Kxd4 47. Rxb3 axb3 48. Rb6 Kxe5 49. Rxb3 d4 50. Kb1 Ke4 51. Kc1 g4 52. Kd1 g3 53. Ra3 d3 54. Ra8 Rb2 55. Re8+ Kf3 56. Rf8+ Ke3 57. Re8+ Kf2 58. Rf8+ Kg1 59. Rf3 g2 60. Ke1 Kh2 0-1